000 00864cab a2200265 4500
001 WB3416-27
008 090401t1998 xxu||||| |||| 00| 0 eng d
035 _a(Sirsi) u85848
041 _aeng
245 _aToxic land warrants cover
260 _c1998
350 _a0
490 _aBuilding Design
_v(1348) 24 April 1998, 5(1)
520 _aThe National House Building Council is to extend its warranty to cover houses built on previously contaminated land, and has issued guidance to builders, providing a framework for managing ground conditions.
650 _aCONTAMINATED LAND
650 _aHOUSING DEVELOPERS
650 _aLAND POLLUTION
650 _aNATIONAL HOUSE BUILDING COUNCIL
650 _aNHBC WARRANTY
650 _aPOLLUTION LIABILITY
650 _aSITE INVESTIGATION
690 _aHOUSING
942 _n0
948 _c28/04/1998
999 _c54000
_d54000